[Event "4NCL/Div4/ADD vs. GUI5"]
[Site "West Bromwich ENG"]
[Date "2005.11.06"]
[Round "2.1"]
[White "Dupré, Paul D"]
[Black "Shepley, Julien M"]
[Result "0-1"]
[WhiteElo "2050"]
[BlackElo "2085"]
[PlyCount "62"]
[EventDate "2005.11.06"]
[SourceDate "2005.10.25"]

1. d4 d5 2. c4 e6 3. Nc3 c5 4. cxd5 cxd4 5. Qxd4 Nc6 6. Qd1 exd5 7. Qxd5 Bd7 8.
Bg5 Nf6 9. Bxf6 Qxf6 10. Rd1 O-O-O 11. Qc4 Bb4 12. g3 Be6 13. Rxd8+ Rxd8 14.
Bh3 Bxh3 15. Nxh3 Qf5 16. O-O Qxh3 17. Nb5 Qe6 18. Nxa7+ Kc7 19. Qf4+ Bd6 20.
Nb5+ Kb8 21. Nxd6 Rxd6 22. Rd1 Ne5 23. Rc1 f6 24. Qb4 g5 25. a4 Nc6 26. Qc5 Qd7
27. b4 Nd4 28. Re1 Qe6 29. Kg2 b6 30. Qc3 Nxe2 31. Qa1 Rd2 0-1

[Event "4NCL/Div4/ADD vs. GUI5"]
[Site "West Bromwich ENG"]
[Date "2005.11.06"]
[Round "2.2"]
[White "Bryant, Richard"]
[Black "McLeod, Ian S"]
[Result "1-0"]
[WhiteElo "2060"]
[BlackElo "1915"]
[PlyCount "141"]
[EventDate "2005.11.06"]
[SourceDate "2005.10.25"]

1. e4 e5 2. Nf3 d6 3. d4 exd4 4. Nxd4 Nf6 5. Nc3 c6 6. Bc4 b5 7. Bd3 b4 8. Nce2
c5 9. Nf3 Nc6 10. Ng3 a6 11. O-O Be7 12. b3 Bg4 13. h3 Bxf3 14. Qxf3 Ne5 15.
Qd1 d5 16. Bb2 Nxd3 17. cxd3 d4 18. f4 O-O 19. Rf3 a5 20. a4 bxa3 21. Bxa3 Qb6
22. Nf5 Rfe8 23. Qc2 Bf8 24. Rff1 Qb5 25. Bc1 Rab8 26. Ra3 Ra8 27. Bd2 Ra6 28.
Rfa1 Rea8 29. Ng3 Qb6 30. Qc4 Nd7 31. Nf1 Qc7 32. R3a2 Nb6 33. Qc2 Nc8 34. b4
a4 35. b5 Rb6 36. Rxa4 Rxa4 37. Qxa4 Qb7 38. Rb1 Nd6 39. Kf2 Rxb5 40. Rxb5 Qxb5
41. Qxb5 Nxb5 42. Ba5 f6 43. Nd2 Nd6 44. Bb6 Nb7 45. Kf3 Kf7 46. Nc4 Ke6 47.
f5+ Kd7 48. e5 Kc6 49. e6 Kd5 50. g4 Be7 51. Bc7 h6 52. Bg3 Bf8 53. Nb6+ Kc6
54. Nc8 c4 55. dxc4 Kc5 56. e7 Bxe7 57. Nxe7 Kxc4 58. Ke2 d3+ 59. Kd1 Kd4 60.
Bc7 Ke4 61. Ng6 h5 62. gxh5 Kxf5 63. Nf4 Kg5 64. Kd2 Nc5 65. Ke3 d2 66. Kxd2
Ne4+ 67. Ke3 Ng3 68. Ne6+ Kxh5 69. Bxg3 g5 70. Ke4 Kg6 71. Nd4 1-0

[Event "4NCL/Div4/ADD vs. GUI5"]
[Site "West Bromwich ENG"]
[Date "2005.11.06"]
[Round "2.3"]
[White "Goggin, Eamonn P"]
[Black "Chai, Wei Koong"]
[Result "0-1"]
[WhiteElo "1885"]
[BlackElo "1955"]
[PlyCount "170"]
[EventDate "2005.11.06"]
[SourceDate "2005.10.25"]

1. c4 c6 2. Nc3 d5 3. cxd5 cxd5 4. d4 Nf6 5. Nf3 Nc6 6. Bf4 e6 7. e3 a6 8. a3
Bd6 9. Bxd6 Qxd6 10. Bd3 O-O 11. O-O e5 12. dxe5 Nxe5 13. Nxe5 Qxe5 14. Be2 Bf5
15. Qd4 Rfe8 16. Qxe5 Rxe5 17. Rfd1 Be6 18. Bf3 g5 19. g3 h5 20. Rd4 Rc8 21.
Rad1 Rc5 22. Rc1 g4 23. Bg2 Kg7 24. b4 Rc7 25. Ne2 Rc6 26. Rdd1 Ne4 27. Nd4 Rd6
28. Rc7 Rb6 29. Bxe4 dxe4 30. Rdc1 Kg6 31. Re7 a5 32. b5 Kf6 33. Rcc7 Bd5 34.
Rxe5 Kxe5 35. Rc5 Kd6 36. Rc3 f6 37. a4 Ke5 38. Rc7 f5 39. Rh7 h4 40. Rxh4 Rf6
41. Rh7 Kd6 42. Rh5 Ke5 43. Rh8 Kd6 44. Ra8 b6 45. Rc8 Kd7 46. Rc3 Kd6 47. Kg2
Ke5 48. h4 gxh3+ 49. Kxh3 Rh6+ 50. Kg2 Rg6 51. Kf1 Rf6 52. Ke2 Kd6 53. Rc1 Ke5
54. Kd2 Rh6 55. Rg1 Rg6 56. Rh1 Kf6 57. Rh5 Rg5 58. Rh8 Kf7 59. Rd8 Bc4 60. Kc3
Ba2 61. Rd6 Rg6 62. Nxf5 Rg5 63. Nd4 Rc5+ 64. Kb2 Bd5 65. Rxb6 Rc4 66. Rd6 Rb4+
67. Ka3 Bc4 68. Ra6 Rb1 69. Rxa5 Bd5 70. Ra7+ Ke8 71. a5 Kd8 72. b6 Kc8 73.
Rc7+ Kb8 74. Ka4 Rb2 75. Rc5 Bb7 76. Rb5 Rxf2 77. Rb3 Rg2 78. Nf5 Ba6 79. Kb4
Rc2 80. Rc3 Ra2 81. g4 Rg2 82. Rc7 Rxg4 83. Ra7 Bc8 84. a6 Bxf5 85. b7 Kxa7 0-1

[Event "4NCL/Div4/ADD vs. GUI5"]
[Site "West Bromwich ENG"]
[Date "2005.11.06"]
[Round "2.4"]
[White "Arghandewal, Aryan Y"]
[Black "Klein, Cornelia"]
[Result "0-1"]
[WhiteElo "1715"]
[BlackElo "1905"]
[PlyCount "86"]
[EventDate "2005.11.06"]
[SourceDate "2005.10.25"]

1. e4 e5 2. Nf3 Nc6 3. d4 exd4 4. Nxd4 Qf6 5. Nxc6 Qxc6 6. Bd3 Nf6 7. Qe2 Bc5
8. O-O O-O 9. c4 d6 10. Kh1 Bg4 11. f3 Bh5 12. Nc3 Rae8 13. Bg5 Nd7 14. Nd5 f6
15. Bh4 Ne5 16. Be1 f5 17. Bc2 Qd7 18. b4 Bb6 19. Nxb6 axb6 20. Rc1 Kh8 21. Bb1
Qf7 22. Bf2 fxe4 23. Bxe4 Nxf3 24. Qd3 Ne5 25. Qc2 Bg6 26. Bxg6 Qxg6 27. Qxg6
Nxg6 28. Bd4 Rxf1+ 29. Rxf1 Kg8 30. Kg1 Re4 31. Rd1 Nf4 32. Kf1 Ne6 33. Ba1
Rxc4 34. Re1 Kf7 35. a3 Rf4+ 36. Kg1 d5 37. g3 Rf5 38. Kg2 d4 39. Rf1 Kf6 40.
g4 Rxf1 41. Kxf1 Ke5 42. Ke2 Ke4 43. Kd2 c5 0-1

[Event "4NCL/Div4/BRJ vs. PAP"]
[Site "West Bromwich ENG"]
[Date "2005.12.03"]
[Round "3.1"]
[White "Haydon, Richard"]
[Black "Summerscale, Aaron"]
[Result "0-1"]
[WhiteElo "2185"]
[BlackElo "2432"]
[PlyCount "66"]
[EventDate "2005.12.03"]
[SourceDate "2005.10.25"]

1. Nf3 Nf6 2. g3 d5 3. Bg2 c6 4. b3 Bg4 5. Bb2 e6 6. O-O Nbd7 7. c4 Be7 8. d4
Ne4 9. Nfd2 Nxd2 10. Nxd2 O-O 11. Qe1 Qa5 12. a3 Qb6 13. cxd5 exd5 14. e4 dxe4
15. Qxe4 Be6 16. Qc2 Nf6 17. Nc4 Qc7 18. Ne3 Rfd8 19. Rfe1 Nd5 20. Be4 g6 21.
h4 Nxe3 22. Rxe3 Bd5 23. Rae1 Bf6 24. h5 Qd7 25. Qe2 Bg5 26. f4 Bf6 27. h6 Rf8
28. Qf2 Rad8 29. f5 Bg5 30. Bxd5 Bxe3 31. Rxe3 cxd5 32. Re5 Rde8 33. Qe3 f6 0-1

[Event "4NCL/Div4/BRJ vs. PAP"]
[Site "West Bromwich ENG"]
[Date "2005.12.03"]
[Round "3.2"]
[White "Hunt, Harriet"]
[Black "Richmond, Peter A"]
[Result "1-0"]
[WhiteElo "2352"]
[BlackElo "2240"]
[PlyCount "101"]
[EventDate "2005.12.03"]
[SourceDate "2005.10.25"]

1. e4 c5 2. Nf3 e6 3. d4 cxd4 4. Nxd4 Nf6 5. Nc3 Nc6 6. Nxc6 bxc6 7. e5 Nd5 8.
Ne4 Qc7 9. f4 Qb6 10. Qe2 a5 11. c4 Bb4+ 12. Kd1 Ba6 13. Qf3 Qd4+ 14. Qd3 Qxd3+
15. Bxd3 f5 16. Nd6+ Bxd6 17. exd6 Kf7 18. h3 a4 19. g4 g6 20. Bd2 Rhb8 21. Kc2
Nb4+ 22. Bxb4 Rxb4 23. Kc3 c5 24. Rad1 Rab8 25. Rd2 R8b6 26. Be2 Bb7 27. Re1
Be4 28. Bd1 Ra6 29. a3 Rbb6 30. Re3 Ke8 31. h4 Kf7 32. h5 gxh5 33. g5 Kg7 34.
Rh3 Rxd6 35. Rxd6 Rxd6 36. Bxa4 h4 37. b4 Ra6 38. Kb3 cxb4 39. Kxb4 d6 40. Bb5
Ra7 41. Rxh4 e5 42. Rh6 exf4 43. Rxd6 f3 44. c5 f2 45. c6 Ra8 46. c7 Rc8 47.
Rd7+ Kg6 48. Bf1 f4 49. Kc5 Kxg5 50. Kb6 Kg4 51. Rd8 1-0

[Event "4NCL/Div4/BRJ vs. PAP"]
[Site "West Bromwich ENG"]
[Date "2005.12.03"]
[Round "3.3"]
[White "Hall, Daniel J"]
[Black "Sheldon, Ruth"]
[Result "0-1"]
[WhiteElo "2080"]
[BlackElo "2256"]
[PlyCount "70"]
[EventDate "2005.12.03"]
[SourceDate "2005.10.25"]

1. e4 c5 2. Nf3 e6 3. Nc3 Nc6 4. d4 cxd4 5. Nxd4 Qc7 6. Be2 a6 7. O-O Nf6 8.
Kh1 Bb4 9. Nxc6 bxc6 10. Qd4 Bd6 11. Qe3 Bb7 12. f4 e5 13. f5 Be7 14. Na4 d5
15. Bd3 Rd8 16. Re1 dxe4 17. Bc4 O-O 18. Qe2 Qc8 19. Rf1 c5 20. Be3 Qc6 21. Nc3
Rd4 22. g4 Rxc4 23. Qxc4 Nxg4 24. Nd1 Rd8 25. Qe2 h5 26. h3 Nxe3 27. Nxe3 Bg5
28. Rg1 Qh6 29. Ng2 Rd2 30. Qe1 e3 31. Rd1 Bf3 32. Rxd2 exd2 33. Qb1 Qc6 34. b4
Bxg2+ 35. Rxg2 Qf3 0-1

[Event "4NCL/Div4/BRJ vs. PAP"]
[Site "West Bromwich ENG"]
[Date "2005.12.03"]
[Round "3.4"]
[White "Forbes, Cathy"]
[Black "Richmond, Jane"]
[Result "1-0"]
[WhiteElo "2075"]
[BlackElo "2090"]
[PlyCount "51"]
[EventDate "2005.12.03"]
[SourceDate "2005.10.25"]

1. d4 Nf6 2. Bf4 e6 3. e3 c5 4. Nc3 cxd4 5. exd4 Nc6 6. Nf3 Qa5 7. Bd3 Nd5 8.
Bd2 Ndb4 9. Be2 Qf5 10. Rc1 Be7 11. O-O O-O 12. a3 Nd5 13. Nxd5 exd5 14. Bd3
Qh5 15. c3 d6 16. Re1 Bg4 17. h3 Bxf3 18. Qxf3 Qxf3 19. gxf3 f5 20. Re6 g6 21.
Rce1 Rf7 22. Bc2 Bh4 23. Bb3 Ne7 24. Rxd6 Kg7 25. Rd7 b6 26. Bf4 1-0

[Event "4NCL/Div4/BRJ vs. PAP"]
[Site "West Bromwich ENG"]
[Date "2005.12.03"]
[Round "3.5"]
[White "Bourne, Johnathan"]
[Black "Lang, Heather"]
[Result "0-1"]
[WhiteElo "2145"]
[BlackElo "2040"]
[PlyCount "64"]
[EventDate "2005.12.03"]
[SourceDate "2005.10.25"]

1. d4 f5 2. Bg5 g6 3. Nd2 Bg7 4. e4 fxe4 5. Nxe4 d5 6. Nc5 b6 7. Nd3 c5 8. Nf3
Nc6 9. Nde5 Nxd4 10. Nxd4 Bxe5 11. Bb5+ Kf8 12. Qf3+ Nf6 13. Nc6 Qd6 14. Qe2
Bxb2 15. Rd1 Bd7 16. Rxd5 Nxd5 17. Qf3+ Bf6 18. c4 Bxc6 19. Bxc6 Qxc6 20. cxd5
Qd6 21. Bf4 e5 22. Bg5 Kg7 23. Bxf6+ Qxf6 24. Qg4 Qf5 25. Qh4 Qb1+ 26. Ke2
Qxa2+ 27. Ke3 Qxd5 28. Qe7+ Qf7 29. Qxe5+ Qf6 30. Qc7+ Kh6 31. f4 Rhe8+ 32. Kf3
Re7 0-1

[Event "4NCL/Div4/BRJ vs. PAP"]
[Site "West Bromwich ENG"]
[Date "2005.12.03"]
[Round "3.6"]
[White "Kieran, Rosalind A"]
[Black "Hall, Joshua D"]
[Result "1-0"]
[WhiteElo "2015"]
[BlackElo "2020"]
[PlyCount "53"]
[EventDate "2005.12.03"]
[SourceDate "2005.10.25"]

1. e4 d5 2. exd5 Nf6 3. d4 Nxd5 4. c3 Bf5 5. Bd3 Bxd3 6. Qxd3 Nc6 7. Nf3 g6 8.
O-O Bg7 9. Na3 O-O 10. Nc4 Re8 11. Bg5 h6 12. Bh4 f5 13. h3 Qc8 14. Rfe1 g5 15.
Bg3 f4 16. Bh2 g4 17. hxg4 Qxg4 18. Nce5 Nxe5 19. Nxe5 Bxe5 20. Rxe5 e6 21.
Rae1 Kh8 22. Qe4 Rg8 23. Rxe6 c6 24. Rxh6+ Kg7 25. Qh7+ Kf8 26. Rf6+ Nxf6 27.
Qe7# 1-0

[Event "4NCL/Div4/ATH1 vs. MET"]
[Site "West Bromwich ENG"]
[Date "2005.12.03"]
[Round "3.1"]
[White "Roberts, Paul"]
[Black "Calvert, D Ian"]
[Result "1/2-1/2"]
[WhiteElo "2200"]
[BlackElo "2075"]
[PlyCount "51"]
[EventDate "2005.12.03"]
[SourceDate "2005.10.25"]

1. Nf3 d5 2. d4 Nf6 3. e3 g6 4. Be2 Bg7 5. O-O O-O 6. b3 c5 7. Bb2 cxd4 8. Nxd4
Nc6 9. Nd2 Nxd4 10. Bxd4 b6 11. c4 Bb7 12. Bf3 Re8 13. Rc1 e5 14. Bb2 Qd7 15.
cxd5 Bxd5 16. Nc4 e4 17. Be2 Rac8 18. Na3 Rxc1 19. Qxc1 Rc8 20. Qd2 Be6 21.
Qxd7 Nxd7 22. Rc1 Rxc1+ 23. Bxc1 Nc5 24. Nb5 a5 25. Nd4 Bd5 26. Bb5 1/2-1/2

[Event "4NCL/Div4/ATH1 vs. MET"]
[Site "West Bromwich ENG"]
[Date "2005.12.03"]
[Round "3.2"]
[White "Fegan, Chris"]
[Black "Stevenson, James A B"]
[Result "0-1"]
[WhiteElo "2115"]
[BlackElo "2195"]
[PlyCount "85"]
[EventDate "2005.12.03"]
[SourceDate "2005.10.25"]

1. d4 Nf6 2. Nf3 e6 3. e3 b6 4. Bd3 Bb7 5. O-O c5 6. Nbd2 Nc6 7. Re1 Qc7 8. c3
Be7 9. a3 d5 10. e4 dxe4 11. Nxe4 cxd4 12. cxd4 O-O 13. Bg5 Nd5 14. Rc1 h6 15.
Bxe7 Qxe7 16. Bb5 Nb8 17. Ne5 a6 18. Bd3 Nd7 19. Nc6 Bxc6 20. Rxc6 b5 21. Nc5
Nb8 22. Be4 Nxc6 23. Bxd5 Qd6 24. Bf3 Rac8 25. Re4 Nxd4 26. Rxd4 Qxc5 27. g3 a5
28. Kg2 Qc2 29. Qe2 Qxe2 30. Bxe2 Rc2 31. Bxb5 Rxb2 32. a4 Rb8 33. Rd7 R8xb5
34. axb5 Rxb5 35. Ra7 h5 36. h4 Rf5 37. f3 Rb5 38. Kh3 g6 39. g4 hxg4+ 40. Kxg4
Rf5 41. f4 Kf8 42. Kf3 e5 43. Rxa5 0-1

[Event "4NCL/Div4/ATH1 vs. MET"]
[Site "West Bromwich ENG"]
[Date "2005.12.03"]
[Round "3.3"]
[White "Pedersen, Carsten"]
[Black "Fogarasi, Norbert"]
[Result "0-1"]
[WhiteElo "2175"]
[BlackElo "2120"]
[PlyCount "78"]
[EventDate "2005.12.03"]
[SourceDate "2005.10.25"]

1. e4 c5 2. Nc3 Nc6 3. g3 g6 4. Bg2 Bg7 5. d3 e6 6. f4 d6 7. Nf3 Nge7 8. O-O
O-O 9. Be3 Rb8 10. Rb1 b5 11. a3 a5 12. a4 b4 13. Nb5 Ba6 14. c4 bxc3 15. bxc3
Qd7 16. Qd2 e5 17. f5 Na7 18. fxg6 hxg6 19. c4 Nac6 20. Ng5 Nb4 21. Bh3 f5 22.
Rf2 Qc6 23. Rbf1 Bb7 24. Nc3 Rf6 25. Bg2 Qd7 26. h4 Rbf8 27. Bh3 Qc6 28. Kh2
Bc8 29. Bg2 Qd7 30. Nf3 f4 31. gxf4 exf4 32. e5 fxe3 33. Qxe3 dxe5 34. Qxc5
Nxd3 35. Qxa5 Nxf2 36. Rxf2 Qg4 37. Nd5 Nxd5 38. Qxd5+ Be6 39. Qxe5 Rxf3 0-1

[Event "4NCL/Div4/ATH1 vs. MET"]
[Site "West Bromwich ENG"]
[Date "2005.12.03"]
[Round "3.4"]
[White "Dickson, George"]
[Black "McKeown, Paul"]
[Result "1-0"]
[WhiteElo "2090"]
[BlackElo "2060"]
[PlyCount "57"]
[EventDate "2005.12.03"]
[SourceDate "2005.10.25"]

1. e4 Nf6 2. Nc3 e5 3. Nf3 Nc6 4. d4 exd4 5. Nd5 Nb4 6. Nxd4 c6 7. Nxb4 Bxb4+
8. c3 Be7 9. Nf5 O-O 10. e5 Nd5 11. Bd3 d6 12. c4 Bxf5 13. Bxf5 Qa5+ 14. Bd2
Nb4 15. O-O Qxe5 16. Qg4 Qxb2 17. Qh3 g6 18. Bc3 Qa3 19. Rfe1 Bg5 20. f4 Bxf4
21. Bxg6 fxg6 22. Re7 Rf7 23. Rxf7 Kxf7 24. Rf1 g5 25. Qd7+ Kg6 26. Qe6+ Kh5
27. Qf7+ Kh4 28. Qxh7+ Kg4 29. Qh3# 1-0

[Event "4NCL/Div4/ATH1 vs. MET"]
[Site "West Bromwich ENG"]
[Date "2005.12.03"]
[Round "3.5"]
[White "Quinn, John M"]
[Black "Syed, Nayeem"]
[Result "1-0"]
[WhiteElo "2080"]
[BlackElo "1965"]
[PlyCount "83"]
[EventDate "2005.12.03"]
[SourceDate "2005.10.25"]

1. d4 d5 2. c4 e6 3. Nc3 c6 4. Nf3 dxc4 5. a4 Bb4 6. e3 b5 7. Ne5 Nf6 8. Be2 a5
9. O-O O-O 10. Bf3 Nd5 11. axb5 Bxc3 12. bxc3 cxb5 13. Ba3 Re8 14. Qc2 b4 15.
Bxb4 Bb7 16. Ba3 Qc7 17. Rfb1 Rc8 18. Bh5 g6 19. Be2 Ba6 20. e4 Nb6 21. Qd2
N8d7 22. Nf3 Nf6 23. Ng5 Kg7 24. e5 Nfd5 25. Bd6 Qd7 26. Rxa5 Na4 27. Ne4 Bb7
28. Rxa8 Rxa8 29. h4 Nab6 30. h5 Nc8 31. Nc5 Qc6 32. Rxb7 Nxd6 33. h6+ Kg8 34.
exd6 Qxd6 35. Qb2 Nf4 36. Bf3 Nd3 37. Qb1 e5 38. Nd7 exd4 39. cxd4 c3 40. Qxd3
Ra1+ 41. Bd1 Qc6 42. Rb8+ 1-0

[Event "4NCL/Div4/ATH1 vs. MET"]
[Site "West Bromwich ENG"]
[Date "2005.12.03"]
[Round "3.6"]
[White "Cooke, Charlie"]
[Black "Gruettner, Ralf"]
[Result "0-1"]
[WhiteElo "1880"]
[BlackElo "2105"]
[PlyCount "38"]
[EventDate "2005.12.03"]
[SourceDate "2005.10.25"]

1. d4 Nf6 2. c4 c5 3. e3 g6 4. Nf3 Bg7 5. Nc3 O-O 6. Be2 a6 7. Bd2 cxd4 8. Nxd4
Nc6 9. Nxc6 bxc6 10. O-O d5 11. cxd5 cxd5 12. Rc1 Bd7 13. Qc2 Qb6 14. b3 Rfc8
15. Qb1 d4 16. exd4 Qxd4 17. Bd3 Qh4 18. f3 Nh5 19. Be4 Bd4+ 0-1

[Event "4NCL/Div4/MONM vs. SUFFP"]
[Site "West Bromwich ENG"]
[Date "2005.12.03"]
[Round "3.1"]
[White "Varley, Peter"]
[Black "Munson, Shaun D"]
[Result "1/2-1/2"]
[WhiteElo "2172"]
[BlackElo "2225"]
[PlyCount "92"]
[EventDate "2005.12.03"]
[SourceDate "2005.10.25"]

1. d4 d5 2. c4 c6 3. e3 Nf6 4. Nc3 g6 5. Nf3 Bg7 6. Bd3 O-O 7. O-O Bg4 8. h3
Bxf3 9. Qxf3 Qd6 10. cxd5 cxd5 11. Bd2 Nc6 12. Qe2 e5 13. Nb5 Qe7 14. dxe5 Nxe5
15. Bc2 a6 16. Nd4 Ne4 17. Be1 Rac8 18. f3 Nf6 19. Bc3 Nc4 20. Rfe1 Rfe8 21. e4
Nh5 22. Qf2 Qd6 23. f4 dxe4 24. Rxe4 Rxe4 25. Bxe4 Rd8 26. Nb3 Bxc3 27. bxc3 b5
28. g3 Nf6 29. Bf3 Qe6 30. Kh2 Qf5 31. Rd1 Rxd1 32. Bxd1 Nd5 33. Bc2 Qf6 34.
Qd4 Qe6 35. Bd3 Nce3 36. c4 bxc4 37. Bxc4 Qc6 38. Bxd5 Nxd5 39. Qc5 Qe6 40. Qc4
Qf5 41. Qe2 Nc3 42. Qd2 Ne4 43. Qd8+ Kg7 44. Qd4+ Kg8 45. Qd8+ Kg7 46. Qd4+ Kg8
1/2-1/2

[Event "4NCL/Div4/MONM vs. SUFFP"]
[Site "West Bromwich ENG"]
[Date "2005.12.03"]
[Round "3.2"]
[White "Gray, Mark S"]
[Black "Turner, J D."]
[Result "1-0"]
[WhiteElo "2105"]
[BlackElo "2042"]
[PlyCount "67"]
[EventDate "2005.12.03"]
[SourceDate "2005.10.25"]

1. e4 e5 2. Nf3 d5 3. exd5 Bd6 4. d4 e4 5. Ne5 Nf6 6. Bb5+ Bd7 7. Nxd7 Nbxd7 8.
O-O a6 9. Bxd7+ Qxd7 10. c4 Ng4 11. h3 Nh2 12. Re1 O-O 13. Rxe4 Rae8 14. Rxe8
Rxe8 15. Bd2 Qf5 16. Nc3 g5 17. c5 Bf4 18. Bxf4 Qxf4 19. Ne2 Nf3+ 20. gxf3 Qxf3
21. Ng3 Qxd5 22. Qg4 Re6 23. b3 Kh8 24. Rd1 h6 25. Qf5 Qd8 26. d5 Rf6 27. Qe5
Kg8 28. Re1 Kh7 29. Qe7 Qh8 30. Qe8 Qxe8 31. Rxe8 Kg6 32. Re7 b6 33. Rxc7 bxc5
34. Rxc5 1-0

[Event "4NCL/Div4/MONM vs. SUFFP"]
[Site "West Bromwich ENG"]
[Date "2005.12.03"]
[Round "3.3"]
[White "Thomas, Joseff"]
[Black "Wallis, Ian"]
[Result "1/2-1/2"]
[WhiteElo "2025"]
[BlackElo "2100"]
[PlyCount "96"]
[EventDate "2005.12.03"]
[SourceDate "2005.10.25"]

1. e4 e5 2. Bc4 Nf6 3. Nf3 Nc6 4. d3 Bc5 5. Nc3 d6 6. Be3 Bb6 7. Qd2 Be6 8. Bb3
Qd7 9. O-O-O Bxb3 10. axb3 O-O-O 11. Bxb6 axb6 12. d4 exd4 13. Nxd4 Nxd4 14.
Qxd4 Rhe8 15. Rhe1 Qg4 16. Qa4 Qg5+ 17. Kb1 Qa5 18. f3 Qxa4 19. bxa4 Re5 20.
Nd5 Nxd5 21. Rxd5 Rde8 22. Red1 Rxd5 23. Rxd5 g6 24. Kc1 Kd7 25. Kd2 Re5 26.
Rxe5 dxe5 27. Kc3 Kd6 28. Kb4 c6 29. c4 Kc7 30. c5 bxc5+ 31. Kxc5 b6+ 32. Kc4
Kb7 33. b3 Ka7 34. h4 h5 35. b4 Ka6 36. g3 f6 37. g4 Kb7 38. b5 c5 39. a5 bxa5
40. Kxc5 Kc7 41. b6+ Kb7 42. Kb5 a4 43. Kxa4 Kxb6 44. Kb4 Kc6 45. Kc4 Kd6 46.
Kb5 Kd7 47. Kc5 Kc7 48. Kd5 Kd7 1/2-1/2

[Event "4NCL/Div4/MONM vs. SUFFP"]
[Site "West Bromwich ENG"]
[Date "2005.12.03"]
[Round "3.4"]
[White "Ruthen, Steven"]
[Black "Beveridge, Nigel K"]
[Result "1-0"]
[WhiteElo "2075"]
[BlackElo "2050"]
[PlyCount "65"]
[EventDate "2005.12.03"]
[SourceDate "2005.10.25"]

1. Nf3 c5 2. g3 Nc6 3. Bg2 Nf6 4. d4 cxd4 5. Nxd4 Qb6 6. c3 d5 7. O-O g6 8.
Nxc6 bxc6 9. Nd2 Bg7 10. e4 O-O 11. h3 e6 12. Re1 Ba6 13. Qc2 Rac8 14. e5 Nd7
15. Nf3 Qc7 16. Bf4 c5 17. Rad1 Bb7 18. Qe2 Qa5 19. a3 Nb6 20. Nh2 Ba6 21. Qg4
d4 22. Qh4 dxc3 23. bxc3 f5 24. Nf3 Bc4 25. Rd6 Qxc3 26. Re3 Qa5 27. Ng5 h5 28.
Nxe6 Bxe6 29. Rxe6 Nc4 30. Re2 Qd8 31. Qxd8 Rfxd8 32. Rxg6 Kf7 33. Ra6 1-0

[Event "4NCL/Div4/MONM vs. SUFFP"]
[Site "West Bromwich ENG"]
[Date "2005.12.03"]
[Round "3.5"]
[White "Waterfield, John"]
[Black "Lunn, Timothy"]
[Result "1/2-1/2"]
[WhiteElo "2035"]
[BlackElo "2070"]
[PlyCount "128"]
[EventDate "2005.12.03"]
[SourceDate "2005.10.25"]

1. e4 c5 2. d4 cxd4 3. c3 Nf6 4. e5 Nd5 5. Nf3 e6 6. cxd4 d6 7. Nc3 Nxc3 8.
bxc3 Qc7 9. Bd2 Nc6 10. exd6 Bxd6 11. Bd3 b6 12. O-O Bb7 13. Re1 Ne7 14. Ne5
Bxe5 15. Rxe5 Ng6 16. Bb5+ Bc6 17. Rh5 Bxb5 18. Rxb5 Qc6 19. Qb3 O-O 20. a4 Ne7
21. c4 Rfc8 22. Rc1 Nf5 23. Be3 Nd6 24. Rb4 Nf5 25. c5 Ne7 26. Rbc4 Qd5 27. Qb5
Rcb8 28. Bf4 a6 29. Qb2 Rc8 30. Qxb6 Nc6 31. Qb2 f6 32. f3 e5 33. dxe5 fxe5 34.
Be3 Rab8 35. Qd2 Qxd2 36. Bxd2 Nd4 37. Kf2 Rb2 38. Ke1 Kf7 39. Rb4 Ra2 40. Kd1
a5 41. Rbc4 Ke6 42. f4 Rxd2+ 43. Kxd2 Nb3+ 44. Ke3 exf4+ 45. Kxf4 Nxc1 46. Rxc1
Kd5 47. Rd1+ Kc6 48. Rb1 Rf8+ 49. Ke3 Kxc5 50. Rb5+ Kc6 51. Rxa5 Kb6 52. Rg5
Rf7 53. a5+ Ka6 54. g4 g6 55. h4 Rc7 56. Kd4 Rb7 57. Kd5 Kxa5 58. Kc6+ Ka6 59.
Ra5+ Kxa5 60. Kxb7 Kb5 61. Kc7 Kc5 62. Kd7 Kd5 63. Ke7 Ke5 64. h5 gxh5 1/2-1/2

[Event "4NCL/Div4/MONM vs. SUFFP"]
[Site "West Bromwich ENG"]
[Date "2005.12.03"]
[Round "3.6"]
[White "Clapham, Michael"]
[Black "Thomas, Jac"]
[Result "0-1"]
[WhiteElo "2005"]
[BlackElo "2020"]
[PlyCount "108"]
[EventDate "2005.12.03"]
[SourceDate "2005.10.25"]

1. e4 d6 2. d4 Nf6 3. Nc3 g6 4. Be3 c6 5. Nge2 Nbd7 6. Ng3 Qa5 7. Bd3 Bg7 8. f3
b5 9. Qd2 Rb8 10. Kf2 O-O 11. Bh6 Qb4 12. Nge2 c5 13. a3 Qa5 14. b4 Qb6 15.
Bxg7 Kxg7 16. Bxb5 e5 17. Bxd7 Nxd7 18. bxc5 dxc5 19. Rhb1 Qd6 20. Rxb8 Nxb8
21. d5 f5 22. Rb1 Ba6 23. Qe3 Nd7 24. Ke1 Nb6 25. Nb5 Bxb5 26. Rxb5 Rc8 27. Qb3
Rb8 28. Qc3 Nxd5 29. Qxc5 Qxc5 30. Rxc5 Ne3 31. Kd2 f4 32. Rxe5 Nc4+ 33. Kc3
Nxe5 34. Nxf4 Rc8+ 35. Kb3 Nc6 36. c3 Kf6 37. Nd5+ Ke5 38. Kc2 Rd8 39. Kb3 Rxd5
40. exd5 Kxd5 41. a4 Kc5 42. h3 Na5+ 43. Kc2 Kc4 44. g4 Nb7 45. f4 Nc5 46. a5
Nd7 47. f5 gxf5 48. gxf5 Kd5 49. Kb3 Ke5 50. Kb4 a6 51. c4 Kxf5 52. c5 Nb8 53.
Kc4 Ke5 54. h4 h5 0-1

[Event "4NCL/Div4/GLOSG vs. OXF2"]
[Site "West Bromwich ENG"]
[Date "2005.12.03"]
[Round "3.1"]
[White "White, Ian R"]
[Black "Rawlinson, Aidan"]
[Result "0-1"]
[WhiteElo "2120"]
[BlackElo "2160"]
[PlyCount "100"]
[EventDate "2005.12.03"]
[SourceDate "2005.10.25"]

1. d4 f5 2. Bg5 h6 3. Bh4 g5 4. e4 Nf6 5. Bg3 f4 6. Bxf4 gxf4 7. e5 e6 8. exf6
Qxf6 9. Nc3 Nc6 10. Nf3 Bb4 11. Qd3 b6 12. O-O-O Bxc3 13. Qxc3 Bb7 14. Ne5
O-O-O 15. Be2 Nxe5 16. dxe5 Qg7 17. Bf3 d5 18. Rhe1 c5 19. Qd2 Rhf8 20. Qe2 Kb8
21. Bg4 Rde8 22. Qf3 Qg5 23. h4 Qxh4 24. Rh1 Qg5 25. Rh5 d4 26. Qh3 Qg7 27. Bf3
Bxf3 28. Qxf3 Qb7 29. Qxb7+ Kxb7 30. Rxh6 Kc6 31. Rh7 a5 32. c3 Rd8 33. Re7 Kd5
34. cxd4 cxd4 35. Kd2 Rg8 36. Ke2 Kxe5 37. Kf3 Kf6 38. Rb7 Rd6 39. g3 fxg3 40.
fxg3 Ke5 41. Rh7 Kd5 42. Rh5+ e5 43. g4 Rf6+ 44. Kg3 Rfg6 45. Rh4 Rg5 46. Rg1
d3 47. Kf3 Kd4 48. Re1 Rf8+ 49. Kg3 e4 50. Rh6 d2 0-1

[Event "4NCL/Div4/GLOSG vs. OXF2"]
[Site "West Bromwich ENG"]
[Date "2005.12.03"]
[Round "3.2"]
[White "Dickinson, Timothy R"]
[Black "Hosken, Nigel"]
[Result "0-1"]
[WhiteElo "2130"]
[BlackElo "2105"]
[PlyCount "102"]
[EventDate "2005.12.03"]
[SourceDate "2005.10.25"]

1. d4 d5 2. Nc3 e6 3. e4 Nf6 4. Bg5 Bb4 5. e5 h6 6. Bd2 Bxc3 7. bxc3 Ne4 8. Qg4
g6 9. Bd3 Nxd2 10. Kxd2 c5 11. h4 Nc6 12. h5 Qg5+ 13. Qxg5 hxg5 14. Nf3 gxh5
15. Nxg5 cxd4 16. cxd4 Nxd4 17. Nh7 Bd7 18. Nf6+ Ke7 19. Rh4 Nc6 20. f4 Rac8
21. Rah1 Nb4 22. g4 Nxd3 23. cxd3 Ba4 24. gxh5 Rc2+ 25. Ke1 Rc1+ 26. Kf2 Rc2+
27. Kg3 Rc3 28. Rg1 Rxd3+ 29. Kg4 Rd2 30. h6 Rxa2 31. h7 Bc2 32. Kg5 Bxh7 33.
Rxh7 Rxh7 34. Nxh7 b5 35. Nf6 b4 36. Kh4 Kd8 37. Rb1 a5 38. Kg3 Ra3+ 39. Kf2 b3
40. Ke1 a4 41. Ng4 Ra2 42. Nf2 Ke7 43. Nd1 Rc2 44. f5 exf5 45. Ne3 Rh2 46. Nf1
Rg2 47. Ne3 Rg1+ 48. Nf1 Ke6 49. Kf2 Rg4 50. Nd2 Rb4 51. Rb2 a3 0-1

[Event "4NCL/Div4/GLOSG vs. OXF2"]
[Site "West Bromwich ENG"]
[Date "2005.12.03"]
[Round "3.3"]
[White "Buchanan, David"]
[Black "Starkie, Ray"]
[Result "1/2-1/2"]
[WhiteElo "2095"]
[BlackElo "2165"]
[PlyCount "81"]
[EventDate "2005.12.03"]
[SourceDate "2005.10.25"]

1. e4 c5 2. c3 d5 3. exd5 Qxd5 4. d4 g6 5. Nf3 Bg7 6. Be3 cxd4 7. cxd4 Nf6 8.
Nc3 Qd8 9. Bc4 O-O 10. O-O a6 11. h3 b5 12. Bd3 Bb7 13. b4 Qd6 14. a3 Nbd7 15.
Rc1 Rac8 16. Be2 Nb6 17. Nd2 Nbd5 18. Nxd5 Nxd5 19. Ne4 Qb6 20. Nc5 Bc6 21. Bf3
Rfd8 22. Qe2 a5 23. Qb2 Ra8 24. Rfe1 Ra7 25. Qb3 e6 26. Bg5 Rda8 27. Nxe6 Rd7
28. Nxg7 Kxg7 29. Rc5 Qb7 30. Rec1 Ra6 31. Qc2 axb4 32. axb4 Nxb4 33. Qd2 Nd5
34. Bh6+ Kg8 35. Qg5 f6 36. Bxd5+ Bxd5 37. Qe3 Re6 38. Qc3 Re8 39. Qb4 Bc4 40.
Be3 Qe4 41. Qb1 1/2-1/2